000 00201nam a22000857a 4500
008 161214b xxu||||| |||| 00| 0 eng d
100 _92053
_aKaur.K.
245 _aKids Creative Arts
260 _aCordava
_c2009
999 _c4923
_d4923